| 000 | 00641nam a22002177a 4500 | ||
|---|---|---|---|
| 001 | 00115 | ||
| 003 | DO-SdBNP | ||
| 005 | 20160321144448.0 | ||
| 007 | 00115 | ||
| 008 | 160321b pr 1995 ||||| |||| 00| 0 spa d | ||
| 040 |
_aBPMSU _bspa _cBPMSU |
||
| 092 |
_axxxxxxx _bxxxxxxx |
||
| 245 | 0 | 4 |
_aLos principios de calidad total : _balternativas para el mejoramiento / _cJames Cunningham. [e.t....] |
| 260 |
_aPuerto Rico : _bNational School Services of Puerto Rico, _c1995. |
||
| 300 |
_a87 p. : _c28 cm. |
||
| 700 | 1 | 0 | _aLutzow, James |
| 700 | 1 | 0 | _aMueller, Siegfried |
| 700 | 1 | 0 | _aRivera, Julio |
| 942 |
_2ddc _cBK |
||
| 956 | _aBrenda Tavárez | ||
| 999 |
_c9360 _d9360 |
||